000
00325nam a2200145Ia 4500
100
_a
Forsyth/David A/ Ponce/J
942
_c
BK
654
_a
computer vision
245
_a
Computer vision:A modern approach
260
_b
Pearson Education
_c
2003
082
_a
6.6
_b
FOR
300
_a
693
546
_a
ENGLISH
999
_c
25620
_d
25620